000
00325nam a2200133Ia 4500
005
20260328101447.0
008
260328s9999||||xx |||||||||||||| ||und||
100
_a
Garam Masala
245
0
_a
Habita Inhabit India /
_c
Garam Masala
260
_b
Mairea Libros
300
_a
355 p.
650
_a
VIVIENDA ECONÓMICA
942
_c
BK
999
_c
8513
_d
8513